000 00838nam a2200253Ia 4500
003 GCL
008 140319s9999 xx 000 0 ara d
040 _aGCL /
_cGCL
082 0 4 _a418.0244
_bم ح
100 1 _aماهر عبدالقادر محمد
245 1 0 _aحنين بن اسحق : العصر الذهبى للترجمة /
_cماهر عبدالقادر محمد
300 _a174 ص
490 _aسلسلة دراسات فى التراث الاسلامى
_v0
650 0 4 _aالترجمة العربية
650 0 4 _aالدولة العباسية
650 0 4 _aالترجمة
650 0 4 _aالعلوم عند العرب
650 0 4 _aالكتابة، تاريخ
650 0 4 _aحنين بن اسحق
650 0 4 _aالمأمون
650 0 4 _aالمتوكل
650 0 4 _aالواثق بالله
942 _2ddc
_cBK
999 _c39660
_d39660